• 首页
  • 本馆介绍
  • 公告通知
  • 最新文献
  • 馆藏检索
  • 电子资源
  • 读者导购
  • 参考咨询
  • 我的图书馆
  • 登录
  • 详细信息显示
  • 放入我的书架
  • 预约/预借图书
  • 作者相关作品
  • 分类相关作品
  • 丛书相关作品
  • 出版社相关作品

书目信息

  • 表格格式
  • 工作单格式
  • 卡片格式
题名:
食色·主菜&汤
    
 
作者: 田井典子 , 石井阳子 著 ;梅国瑾 , 学小星 摄影
分册:  
出版信息: 北京   中国旅游出版社  2012
页数: 103页
开本: 26cm
丛书名:
单 册:
中图分类: TS972.183.13-64 , TS972.183.13
科图分类:
主题词: 菜谱--日本--图集 , 菜谱
电子资源:
ISBN: 978-7-5032-4478-0
000 01214nam0 2200337 450
001 2368674811
005 20231216190539.03
010    @a978-7-5032-4478-0@dCNY 48.00
090    @aTS972.1@btjd
096    @aTS972.1@btjd
100    @a20121107d2012 em y0chiy0120 ea
101 0  @achi@eeng
102    @aCN@b110000
105    @aa z 000yy
200 1  @a食色·主菜&汤@Ashi se · zhu cai & tang@b专著@dDish & soup@e味蕾上的视觉飨宴@f(日)田井典子,(日)石井阳子著@g梅国瑾,学小星摄影@zeng
210    @a北京@c中国旅游出版社@d2012
215    @a103页@d26cm
300    @a料理欢乐家 2
330    @a本书设有风味副菜、煮烩菜、焗烤菜和汤菜四部分,收录了西班牙煎蛋、藏红花鸡块黑米烩饭、橙香鸡翅、红蔬冷汤等经典食谱的制作方法。
510 1  @aDish & soup@zeng
517 1  @a味蕾上的视觉飨宴@Awei lei shang de shi jue xiang yan
606 0  @a菜谱@y日本@j图集
606 0  @a菜谱
690    @aTS972.183.13-64@v5
690    @aTS972.183.13@v4
701  0 @c(日)@a田井典子@Atian jing dian zi@4著
701  0 @c(日)@a石井阳子@Ashi jing yang zi@4著
702  0 @a梅国瑾@4摄影@Amei guo jin
702  0 @a学小星@4摄影@Axue xiao xing
801  2 @aCN@b辽宁北配@c20231205
905    @aBZT@dTS972.183.13@e5
    
    食色·主菜&汤=Dish & soup:味蕾上的视觉飨宴/(日)田井典子,(日)石井阳子著/梅国瑾,学小星摄影.-北京:中国旅游出版社,2012
    103页;26cm
    料理欢乐家 2
    
    ISBN 978-7-5032-4478-0:CNY 48.00
    本书设有风味副菜、煮烩菜、焗烤菜和汤菜四部分,收录了西班牙煎蛋、藏红花鸡块黑米烩饭、橙香鸡翅、红蔬冷汤等经典食谱的制作方法。
●
相关链接 在五车中查询图书 在当当中查询图书 在豆瓣中查询图书


正题名:食色·主菜&汤     索取号:TS972.183.13/5         预约/预借

序号 登录号 条形码 馆藏地/架位号 状态 备注
1 2001623865   2001623865   辽三/辽宁北配(第三批)/2617/ [索取号:TS972.183.13/5] 在馆    
2 2001623866   2001623866   辽三/辽宁北配(第三批)/2617/ [索取号:TS972.183.13/5] 在馆    
3 2001623867   2001623867   辽三/辽宁北配(第三批)/2617/ [索取号:TS972.183.13/5] 在馆    
4 2001623868   2001623868   辽三/辽宁北配(第三批)/2617/ [索取号:TS972.183.13/5] 在馆    
5 2001623869   2001623869   辽三/辽宁北配(第三批)/2617/ [索取号:TS972.183.13/5] 在馆    
6 2001623870   2001623870   辽三/辽宁北配(第三批)/2617/ [索取号:TS972.183.13/5] 在馆    
7 2001623871   2001623871   辽三/辽宁北配(第三批)/2617/ [索取号:TS972.183.13/5] 在馆    
8 2001623872   2001623872   辽三/辽宁北配(第三批)/2617/ [索取号:TS972.183.13/5] 在馆    
9 2001623873   2001623873   辽三/辽宁北配(第三批)/2617/ [索取号:TS972.183.13/5] 在馆    
10 2001623874   2001623874   辽三/辽宁北配(第三批)/2617/ [索取号:TS972.183.13/5] 在馆    
11 2001623875   2001623875   辽三/辽宁北配(第三批)/2617/ [索取号:TS972.183.13/5] 在馆    
12 2001623876   2001623876   辽三/辽宁北配(第三批)/2617/ [索取号:TS972.183.13/5] 在馆    
13 2001623877   2001623877   辽三/辽宁北配(第三批)/2617/ [索取号:TS972.183.13/5] 在馆    
14 2001623878   2001623878   辽三/辽宁北配(第三批)/2617/ [索取号:TS972.183.13/5] 在馆    
15 2001623879   2001623879   辽三/辽宁北配(第三批)/2617/ [索取号:TS972.183.13/5] 在馆    
16 2001623880   2001623880   辽三/辽宁北配(第三批)/2617/ [索取号:TS972.183.13/5] 在馆    
17 2001623881   2001623881   辽三/辽宁北配(第三批)/2618/ [索取号:TS972.183.13/5] 在馆    
18 2001623882   2001623882   辽三/辽宁北配(第三批)/2618/ [索取号:TS972.183.13/5] 在馆    
19 2001623883   2001623883   辽三/辽宁北配(第三批)/2618/ [索取号:TS972.183.13/5] 在馆    
20 2001623884   2001623884   辽三/辽宁北配(第三批)/2618/ [索取号:TS972.183.13/5] 在馆    
21 2001623885   2001623885   辽三/辽宁北配(第三批)/2618/ [索取号:TS972.183.13/5] 在馆    
22 2001623886   2001623886   辽三/辽宁北配(第三批)/2618/ [索取号:TS972.183.13/5] 在馆    
23 2001623887   2001623887   辽三/辽宁北配(第三批)/2618/ [索取号:TS972.183.13/5] 在馆    
24 2001623888   2001623888   辽三/辽宁北配(第三批)/2618/ [索取号:TS972.183.13/5] 在馆    
25 2001623889   2001623889   辽三/辽宁北配(第三批)/2618/ [索取号:TS972.183.13/5] 在馆    
26 2001623890   2001623890   辽三/辽宁北配(第三批)/2618/ [索取号:TS972.183.13/5] 在馆    
27 2001623891   2001623891   辽三/辽宁北配(第三批)/2618/ [索取号:TS972.183.13/5] 在馆    
28 2001623892   2001623892   辽三/辽宁北配(第三批)/2618/ [索取号:TS972.183.13/5] 在馆    
29 2001623893   2001623893   辽三/辽宁北配(第三批)/2618/ [索取号:TS972.183.13/5] 在馆    
30 2001623894   2001623894   辽三/辽宁北配(第三批)/2618/ [索取号:TS972.183.13/5] 在馆    
山东省滨州职业学院图书馆 欢迎您!
大连网信软件有限公司© 版权所有